000 00887nam a22003017a 4500
001 BR8002534
003 BR-BrBNA
005 20230928090602.0
007 ta
008 230509b bl.||||| |||| 00| 0 por d
040 _aBR-BrBNA
_bpor
_cBiblioteca Nacional de Agricultura
041 _a(Por)
072 _aE30; F00; E70
_b1720
_b/G514
090 _ 1720 BR8002534
110 1 _aSecretaria Nacional de Producao Agropecuaria, Brasilia, DF (Brasil)
_99224
245 1 _aPrograma Nacional de Producao e Abastecimento de Alho [Allium sativum; Brasil]
260 3 _aBrasilia, DF (Brasil):
_c[nd].
300 _a10 p.
500 _aPublished 1980?
650 _aProjeto de desenvolvimento
650 _aProducao vegetal
650 _aComercializacao
650 _aAlho
650 _aAbastecimento
650 _aCredito
909 _a202309
_bLucia
_c55
_dLucia Elande
942 _cBK
999 _c29492
_d29492